| 000 | 00382nam a2200145Ia 4500 | ||
|---|---|---|---|
| 008 | 191201s2010 xx 000 0 und d | ||
| 082 |
_a627.54 _bBHL |
||
| 100 | _aBHATTACHARYA, AK | ||
| 245 | 0 | _aLand Drainage: Principles, Methods and Applications | |
| 250 | _a1st | ||
| 260 |
_aN. Delhi _bVikas Publication House _c2010 |
||
| 300 | _a757 | ||
| 650 | _aB.Tech(CE) | ||
| 942 |
_2ddc _cBK |
||
| 999 |
_c5448 _d5448 |
||